000 00452nam a2200145 a 4500
001 000027133
005 20200930030625.0
008 110329s1977 dr 000 0 spa d
040 _aDO-SdBNP
_bspa
_cBNPHU
245 0 3 _aLa rentabilidad de la insdustria hotelera dominicana 1977 /
_ccoordinador Juan Lladó.
260 _aSanto Domingo :
_b[Banco Central,
_c1977].
300 _a398 p. ;
_c28 cm.
700 1 _aLladó, Juan
_ecoor.
_937138
049 _aBNPD
999 _c26625
_d26625